[Event "ICC tourney 1897 (3 2)"]
[Site "Internet Chess Club"]
[Date "2020.07.03"]
[Round "4"]
[White "xiaoyongfu96"]
[Black "chessmagic22"]
[Result "0-1"]
[WhiteElo "1880"]
[BlackElo "1728"]
[PlyCount "58"]
[EventDate "2020.??.??"]

1. e4 c5 2. Nf3 Nc6 3. d4 cxd4 4. Nxd4 g6 5. Be2 Bg7 6. c3 Nf6 7. Nxc6 bxc6 8.
e5 Nd5 9. f4 Qb6 10. Qd3 O-O 11. a3 a5 12. c4 Ba6 13. Qe4 f5 14. Qf3 Nc7 15.
Qe3 Rab8 16. Qxb6 Rxb6 17. Nc3 Ne6 18. O-O d6 19. Na4 Rbb8 20. exd6 exd6 21.
Re1 Nd4 22. Bd3 d5 23. Nc5 Bxc4 24. Bxc4 dxc4 25. Nd7 Rbe8 26. Be3 Rf7 27. Ne5
Bxe5 28. fxe5 Nc2 29. Bf4 Nxa1 0-1

[Event "ICC tourney 1897 (3 2)"]
[Site "Internet Chess Club"]
[Date "2020.07.03"]
[Round "3"]
[White "chessmagic22"]
[Black "GreenTint"]
[Result "1-0"]
[WhiteElo "1652"]
[BlackElo "2044"]
[PlyCount "95"]
[EventDate "2020.??.??"]

1. e4 d6 2. d4 Nf6 3. Nc3 g6 4. Bg5 Nbd7 5. Qd2 Bg7 6. Nge2 c5 7. f3 b6 8.
O-O-O h6 9. Be3 cxd4 10. Nxd4 Bb7 11. g4 a6 12. h4 h5 13. g5 Ng8 14. Bh3 Qc7
15. f4 O-O-O 16. Nd5 Bxd5 17. exd5 Kb7 18. Nc6 Rc8 19. Bd4 Bxd4 20. Qxd4 Rh7
21. Bg2 f5 22. Rh3 Nb8 23. Rc3 Nxc6 24. Rxc6 Qd8 25. Qc4 Rxc6 26. Qxc6+ Ka7 27.
Rd3 e5 28. dxe6 Rc7 29. Qxd6 Qc8 30. c3 Ne7 31. Qd8 Nc6 32. Qxc8 Rxc8 33. Bxc6
Rxc6 34. Rd7+ Kb8 35. e7 Re6 36. Rd8+ Kc7 37. e8=Q Rxe8 38. Rxe8 Kd6 39. Rg8
Kd5 40. Rxg6 Ke4 41. Rf6 Kxf4 42. g6 Kg4 43. g7 Kxh4 44. g8=Q f4 45. Rxf4+ Kh3
46. Rf3+ Kh2 47. Rf2+ Kh1 48. Qg2# 1-0

[Event "ICC tourney 1897 (3 2)"]
[Site "Internet Chess Club"]
[Date "2020.07.03"]
[Round "2"]
[White "Elieman"]
[Black "chessmagic22"]
[Result "1-0"]
[WhiteElo "1553"]
[BlackElo "1453"]
[PlyCount "107"]
[EventDate "2020.??.??"]

1. e4 c5 2. Nc3 Nc6 3. Bb5 g6 4. Bxc6 bxc6 5. d3 Bg7 6. f4 d6 7. Nf3 Nf6 8. O-O
O-O 9. Qe1 Rb8 10. b3 d5 11. e5 Nd7 12. Ba3 Ba6 13. Na4 c4 14. dxc4 dxc4 15.
Rf2 Nb6 16. Rd1 Qc7 17. Nc5 Bc8 18. Nd4 Ra8 19. Qe4 Nd5 20. Qf3 c3 21. Ne2 h5
22. Nxc3 Bg4 23. Qd3 Nxc3 24. Rdd2 Nd5 25. c4 Nb6 26. h3 Bf5 27. Qe3 Rad8 28.
Na6 Qb7 29. Nc5 Qc7 30. Na6 Qc8 31. Nb4 Qb7 32. Nd3 Bxd3 33. Rxd3 Rxd3 34. Qxd3
Qc7 35. Rd2 Bh6 36. g3 h4 37. Kf2 hxg3+ 38. Kxg3 Nc8 39. Qf3 f6 40. e6 g5 41.
Rd7 Qxf4+ 42. Qxf4 gxf4+ 43. Kf3 Re8 44. Rc7 Bg7 45. Rxc6 f5 46. Rc7 Be5 47.
Rd7 Bd6 48. Bxd6 exd6 49. Kxf4 a5 50. Kxf5 Ne7+ 51. Kf6 Nc6 52. e7 Nb4 53. Rd8
Nc6 54. Rxe8+ 1-0

[Event "ICC tourney 1897 (3 2)"]
[Site "Internet Chess Club"]
[Date "2020.07.03"]
[Round "10"]
[White "playtowin2020"]
[Black "ORSAJack88"]
[Result "1-0"]
[WhiteElo "1526"]
[BlackElo "1798"]
[PlyCount "105"]
[EventDate "2020.??.??"]

1. e4 c5 2. Nf3 d6 3. d4 cxd4 4. Nxd4 Nf6 5. Nc3 g6 6. Be3 Bg7 7. Bc4 Nc6 8.
O-O O-O 9. Qd2 Ng4 10. Nxc6 bxc6 11. Bg5 h6 12. Bh4 Ne5 13. Bb3 Kh7 14. f4 Nd7
15. Rad1 Ba6 16. Rf3 Nc5 17. Rh3 Qb6 18. Kh1 Nxb3 19. axb3 Qb4 20. Bg5 h5 21.
Bxe7 Bxc3 22. bxc3 Qxe4 23. Bxf8 Rxf8 24. Re1 Qf5 25. Qxd6 Rc8 26. Rf3 Kg7 27.
Qe5+ Qxe5 28. fxe5 Rd8 29. Rf2 Bb7 30. h3 Rd5 31. e6 fxe6 32. Rxe6 Rd7 33. Rff6
Rd1+ 34. Kh2 Rd2 35. Rxg6+ Kf7 36. Ref6+ Ke7 37. Rf3 Ba6 38. Rxc6 Be2 39. Re3+
Kd7 40. Rce6 Bf1 41. Rg6 Rxc2 42. Re5 Rxc3 43. Rg7+ Kd6 44. Rxh5 Rxb3 45. Rh6+
Kc5 46. Rxa7 Rb2 47. Rg6 Rf2 48. Kg1 Rf8 49. Ra1 Bd3 50. Rc1+ Kd4 51. Rd6+ Ke3
52. Rc3 Rf1+ 53. Kh2 1-0

[Event "ICC tourney 1897 (3 2)"]
[Site "Internet Chess Club"]
[Date "2020.07.03"]
[Round "8"]
[White "Candychessguru"]
[Black "ORSAJack88"]
[Result "1-0"]
[WhiteElo "1737"]
[BlackElo "1858"]
[PlyCount "59"]
[EventDate "2020.??.??"]

1. d4 d5 2. Nf3 c6 3. c4 Nf6 4. cxd5 cxd5 5. Nc3 Nc6 6. Bf4 e6 7. e3 Bd6 8.
Bxd6 Qxd6 9. Bd3 O-O 10. O-O e5 11. dxe5 Nxe5 12. Be2 Bg4 13. Nxe5 Bxe2 14.
Qxe2 Qxe5 15. Rfd1 Rfd8 16. Rd4 Rd7 17. Rad1 Rad8 18. h3 h6 19. Qd2 Qe6 20. Qc2
Qc6 21. Qb3 a6 22. a4 Kf8 23. Qb4+ Kg8 24. a5 g5 25. Na4 Rc8 26. Nb6 Qc5 27.
Nxd7 Nxd7 28. Qxc5 Nxc5 29. Rxd5 Nb3 30. Rd8+ 1-0

[Event "ICC tourney 1897 (3 2)"]
[Site "Internet Chess Club"]
[Date "2020.07.03"]
[Round "5"]
[White "ORSAJack88"]
[Black "premierchess"]
[Result "0-1"]
[WhiteElo "1901"]
[BlackElo "1765"]
[PlyCount "92"]
[EventDate "2020.??.??"]

1. e4 c6 2. d4 d5 3. exd5 cxd5 4. c4 Nf6 5. Nc3 g6 6. cxd5 Nxd5 7. g3 Bg7 8.
Bg2 Nb6 9. Nge2 O-O 10. O-O Nc6 11. Be3 Nc4 12. b3 Nxe3 13. fxe3 e5 14. d5 Ne7
15. e4 Bg4 16. Qd2 Nc8 17. h3 Bxe2 18. Qxe2 Nd6 19. Rac1 Rc8 20. Kh1 Qa5 21.
Qb2 Rc7 22. Ne2 Rfc8 23. Rxc7 Rxc7 24. Rc1 Bh6 25. Rxc7 Qxc7 26. Qc3 Qxc3 27.
Nxc3 Bd2 28. Nd1 f5 29. exf5 gxf5 30. Kg1 Kf7 31. Kf2 Kf6 32. Ke2 Ba5 33. Ne3
e4 34. Nc4 Bc7 35. Ke3 Nxc4+ 36. bxc4 Bxg3 37. c5 Ke5 38. d6 f4+ 39. Ke2 f3+
40. Bxf3 exf3+ 41. Kxf3 Bh4 42. d7 Kd5 43. Kg4 Bd8 44. Kf5 Kxc5 45. Ke6 Kc6 46.
a4 h5 0-1

[Event "ICC tourney 1897 (3 2)"]
[Site "Internet Chess Club"]
[Date "2020.07.03"]
[Round "4"]
[White "GreenTint"]
[Black "ORSAJack88"]
[Result "0-1"]
[WhiteElo "2033"]
[BlackElo "1930"]
[PlyCount "94"]
[EventDate "2020.??.??"]

1. d4 d5 2. c4 c6 3. e3 Nf6 4. Nf3 e6 5. Nc3 Nbd7 6. b3 Bd6 7. Bb2 Qe7 8. Bd3
O-O 9. Qc2 h6 10. h4 b6 11. Rg1 Bb7 12. g4 Ne8 13. g5 h5 14. g6 f6 15. Qe2 f5
16. Ng5 Nef6 17. Nh7 Nxh7 18. gxh7+ Kxh7 19. Qxh5+ Kg8 20. c5 Bc7 21. Rg6 Rf6
22. Ke2 Rxg6 23. Qxg6 Qf6 24. Qh5 Qf7 25. Qf3 bxc5 26. Rg1 cxd4 27. Nd1 Ne5 28.
Qg2 Nxd3 29. Kxd3 e5 30. exd4 e4+ 31. Kc2 f4 32. Bc1 f3 33. Qg4 Bc8 34. Qg5 Bf5
35. h5 e3+ 36. Kb2 exf2 37. Nxf2 Bd8 38. Qf4 Bf6 39. Be3 Be4 40. Ng4 Bxd4+ 41.
Kc1 Qxf4 42. Bxf4 Bxg1 43. h6 gxh6 44. Nxh6+ Kg7 45. Ng4 f2 46. Nxf2 Bxf2 47.
Be5+ Kg6 0-1

[Event "ICC tourney 1897 (3 2)"]
[Site "Internet Chess Club"]
[Date "2020.07.03"]
[Round "3"]
[White "CytokineStorm"]
[Black "ORSAJack88"]
[Result "0-1"]
[WhiteElo "1709"]
[BlackElo "1879"]
[PlyCount "74"]
[EventDate "2020.??.??"]

1. d4 d5 2. c4 c6 3. cxd5 cxd5 4. Nf3 Nf6 5. Nc3 Nc6 6. Bf4 e6 7. Ne5 Bd6 8. e3
O-O 9. Bd3 Bxe5 10. Bxe5 Nxe5 11. dxe5 Nd7 12. f4 Nc5 13. Bc2 Qe7 14. O-O f6
15. Qh5 g6 16. Qh4 Qg7 17. exf6 Qxf6 18. Qh6 b6 19. Rf3 Qg7 20. Qh4 Qf6 21. Qh6
Bb7 22. Rh3 Qg7 23. Qg5 Rf7 24. Rf1 d4 25. exd4 Qxd4+ 26. Kh1 Qd2 27. Bb3 Nxb3
28. axb3 Qxb2 29. Rd3 Raf8 30. h4 Ba6 31. Rd8 Bxf1 32. Rxf8+ Rxf8 33. Ne4 Qxg2+
34. Qxg2 Bxg2+ 35. Kxg2 Rxf4 36. Nd6 Rxh4 37. Kg3 Rb4 0-1

[Event "ICC tourney 1897 (3 2)"]
[Site "Internet Chess Club"]
[Date "2020.07.03"]
[Round "2"]
[White "ORSAJack88"]
[Black "penguingm1"]
[Result "0-1"]
[WhiteElo "1853"]
[BlackElo "2818"]
[PlyCount "78"]
[EventDate "2020.??.??"]

1. e4 e5 2. Nf3 Nc6 3. Bb5 g6 4. O-O Bg7 5. c3 a6 6. Ba4 b5 7. Bb3 Na5 8. Bc2
Ne7 9. d4 exd4 10. cxd4 d6 11. Nc3 O-O 12. a3 Bg4 13. Be3 Nc4 14. Rb1 c5 15.
dxc5 Nxe3 16. fxe3 dxc5 17. Qxd8 Raxd8 18. h3 Be6 19. e5 Nc6 20. Ne4 c4 21.
Nf6+ Kh8 22. Be4 Ne7 23. Nd4 Bh6 24. Nxe6 Bxe3+ 25. Kh1 fxe6 26. Rbd1 Bd4 27.
Ng4 Rxf1+ 28. Rxf1 Bxb2 29. Rf7 Ng8 30. Kh2 Bxa3 31. Ra7 Bb2 32. Rxa6 h5 33.
Ne3 Bxe5+ 34. g3 Rd2+ 35. Ng2 h4 36. Kg1 hxg3 37. Kf1 Nf6 38. Bxg6 Rf2+ 39. Kg1
Bd4 0-1

[Event "ICC tourney 1897 (3 2)"]
[Site "Internet Chess Club"]
[Date "2020.07.03"]
[Round "15"]
[White "GreenTint"]
[Black "python0812"]
[Result "1-0"]
[WhiteElo "1893"]
[BlackElo "1355"]
[PlyCount "41"]
[EventDate "2020.??.??"]

1. d4 Nf6 2. c4 e6 3. Nc3 c5 4. d5 exd5 5. cxd5 d6 6. e4 Be7 7. Nf3 O-O 8. a4
Re8 9. Bc4 Nxe4 10. Nxe4 Bf8 11. O-O Rxe4 12. Bd3 Re8 13. Bxh7+ Kxh7 14. Ng5+
Kg6 15. h4 f5 16. h5+ Kf6 17. Nh7+ Kf7 18. h6 gxh6 19. Qh5+ Kg8 20. Qg6+ Kh8
21. Nf6 1-0

[Event "ICC tourney 1897 (3 2)"]
[Site "Internet Chess Club"]
[Date "2020.07.03"]
[Round "14"]
[White "python0812"]
[Black "HartensChkmate"]
[Result "0-1"]
[WhiteElo "1347"]
[BlackElo "1406"]
[PlyCount "144"]
[EventDate "2020.??.??"]

1. e4 c5 2. Nf3 Nc6 3. d4 cxd4 4. Nxd4 g6 5. Be3 Nf6 6. f3 Bg7 7. c3 O-O 8. Be2
d5 9. Nxc6 bxc6 10. e5 Nd7 11. f4 f6 12. e6 Nb6 13. f5 gxf5 14. O-O Bxe6 15.
Bd3 Nd7 16. Bxf5 Bxf5 17. Rxf5 Ne5 18. Qe1 Ng6 19. h4 e6 20. Rf3 Ne5 21. Rg3
Kh8 22. h5 h6 23. Nd2 Nd3 24. Qe2 Nxb2 25. Nf3 Nc4 26. Nh4 Re8 27. Rxg7 Kxg7
28. Qg4+ Kf7 29. Qg6+ Ke7 30. Bc5+ Kd7 31. Qf7+ Kc8 32. Ng6 Qd7 33. Qxf6 Nd6
34. Nf8 Qd8 35. Qxd8+ Rxd8 36. Nxe6 Rd7 37. Nf8 Ne4 38. Nxd7 Kxd7 39. Be3 Nxc3
40. Bxh6 Ne4 41. Bg7 Ng5 42. h6 Nh7 43. Rf1 Re8 44. g4 c5 45. Rf5 Kd6 46. g5
Re6 47. Bf8+ Kc6 48. Rf7 Nxg5 49. Rxa7 Kb6 50. Rg7 Re5 51. h7 Nxh7 52. Rxh7
Rg5+ 53. Kh2 d4 54. Rh6+ Kb5 55. Rh4 d3 56. Bh6 Rd5 57. Rg4 d2 58. Bxd2 Rxd2+
59. Kg3 Rxa2 60. Kf3 c4 61. Ke3 Kb4 62. Rg8 Kc3 63. Rc8 Rh2 64. Ra8 Kb3 65.
Rb8+ Kc2 66. Kd4 c3 67. Rc8 Kd2 68. Ke4 c2 69. Rd8+ Ke1 70. Rc8 Kd1 71. Rd8+
Rd2 72. Rc8 c1=Q 0-1

[Event "ICC tourney 1897 (3 2)"]
[Site "Internet Chess Club"]
[Date "2020.07.03"]
[Round "13"]
[White "python0812"]
[Black "hollyelf"]
[Result "0-1"]
[WhiteElo "1363"]
[BlackElo "1653"]
[PlyCount "152"]
[EventDate "2020.??.??"]

1. e4 e5 2. Nf3 Nc6 3. Bb5 a6 4. Ba4 Nf6 5. O-O Be7 6. Re1 b5 7. Bb3 d6 8. c3
O-O 9. d4 Bg4 10. Be3 Na5 11. Bc2 Nc4 12. Bc1 c5 13. b3 Na5 14. dxe5 Bxf3 15.
Qxf3 dxe5 16. Qg3 Nh5 17. Qg4 Nf6 18. Qg3 Kh8 19. Qxe5 Bd6 20. Qg5 Re8 21. e5
h6 22. Qf5 Qc7 23. Bxh6 Bxe5 24. Bg5 Bxh2+ 25. Kf1 Rxe1+ 26. Kxe1 Re8+ 27. Kf1
Qe5 28. Qxe5 Bxe5 29. f4 Bd6 30. Bxf6 gxf6 31. Nd2 Bxf4 32. Ne4 Be5 33. Nxc5
Bxc3 34. Rd1 Nc6 35. Ne4 Be5 36. Rd7 Nd4 37. Bb1 Kg7 38. Nc5 Rc8 39. Nd3 Rc3
40. Nxe5 fxe5 41. Be4 Rc1+ 42. Kf2 Ra1 43. Bd5 Rxa2+ 44. Ke3 Re2+ 45. Kd3 Rf2
46. Ra7 Kg6 47. Ke3 Rf6 48. b4 Nc2+ 49. Kd2 Nxb4 50. Be4+ Kg5 51. Re7 Rf2+ 52.
Ke3 Rf6 53. Rxe5+ Kh6 54. g4 Nc6 55. Rh5+ Kg7 56. g5 Re6 57. Rh7+ Kf8 58. Kf4
Ke7 59. Bd5 Nd8 60. Bxe6 Nxe6+ 61. Kf5 Nf8 62. Rg7 a5 63. Rg8 b4 64. Rh8 a4 65.
Ke4 b3 66. Kd3 Ne6 67. Kc3 Nxg5 68. Ra8 Ne4+ 69. Kb2 Nc5 70. Ra5 Kd6 71. Kc3 f5
72. Kc4 b2 73. Rb5 a3 74. Kc3 f4 75. Kc2 f3 76. Ra5 f2 0-1

[Event "ICC tourney 1897 (3 2)"]
[Site "Internet Chess Club"]
[Date "2020.07.03"]
[Round "12"]
[White "ganzy"]
[Black "python0812"]
[Result "1-0"]
[WhiteElo "1412"]
[BlackElo "1372"]
[PlyCount "53"]
[EventDate "2020.??.??"]

1. e4 c5 2. Nf3 d6 3. d4 cxd4 4. Nxd4 Nf6 5. Nc3 g6 6. Be3 Bg7 7. f3 a6 8. Qd2
h5 9. O-O-O b5 10. Nb3 Nbd7 11. a4 b4 12. Nd5 a5 13. Bb5 Bb7 14. Bb6 Qc8 15.
Nc7+ Kf8 16. Nxa8 Bxa8 17. Bxa5 d5 18. Bxb4 Bh6 19. f4 Nxe4 20. Qd4 Bxf4+ 21.
Kb1 Be5 22. Qa7 Nef6 23. Rhe1 Kg7 24. Bxe7 Bxh2 25. Qd4 Kh7 26. Bxf6 Nxf6 27.
Qxf6 1-0

[Event "ICC tourney 1897 (3 2)"]
[Site "Internet Chess Club"]
[Date "2020.07.03"]
[Round "11"]
[White "python0812"]
[Black "rishibabu"]
[Result "0-1"]
[WhiteElo "1392"]
[BlackElo "1553"]
[PlyCount "88"]
[EventDate "2020.??.??"]

1. e4 c5 2. Nf3 d6 3. d4 cxd4 4. Nxd4 Nf6 5. f3 e5 6. Bb5+ Bd7 7. Bxd7+ Qxd7 8.
Nf5 g6 9. Ne3 Bg7 10. c4 Nc6 11. Nc3 O-O 12. O-O Rac8 13. Ned5 Nxd5 14. Nxd5
Ne7 15. b3 Nxd5 16. Qxd5 Qc6 17. Rd1 Rfd8 18. Ba3 Bf8 19. Rd3 Rd7 20. c5 Rcd8
21. Rad1 Qa6 22. b4 dxc5 23. Qxd7 Rxd7 24. Rxd7 Qxa3 25. Rxb7 cxb4 26. Rd8 Qe3+
27. Kf1 Qc1+ 28. Kf2 Kg7 29. Rdd7 Bc5+ 30. Kg3 Qf4+ 31. Kh3 Qh6+ 32. Kg3 Qg5+
33. Kh3 Qf6 34. Rd5 Bf2 35. g3 Qxf3 36. Rxe5 h5 37. Ree7 Bc5 38. Rec7 Qf1+ 39.
Kh4 Qf3 40. Kh3 Qf1+ 41. Kh4 Qf6+ 42. Kh3 Be3 43. Rxb4 Bg5 44. Rbb7 Qf1# 0-1

[Event "ICC tourney 1897 (3 2)"]
[Site "Internet Chess Club"]
[Date "2020.07.03"]
[Round "8"]
[White "investigator"]
[Black "python0812"]
[Result "1-0"]
[WhiteElo "1647"]
[BlackElo "1362"]
[PlyCount "49"]
[EventDate "2020.??.??"]

1. c4 c5 2. Nf3 Nf6 3. g3 e6 4. Bg2 d5 5. d4 Nc6 6. O-O dxc4 7. Qa4 Bd7 8. Qxc4
cxd4 9. Nxd4 Rc8 10. Nc3 Nxd4 11. Qxd4 Bc5 12. Qd3 Qb6 13. Bf4 O-O 14. Ne4 Nxe4
15. Bxe4 Bb5 16. Qb3 Bxe2 17. Qxb6 Bxb6 18. Rfc1 Bd4 19. Bxb7 Bxb2 20. Bxc8
Bxa1 21. Bb7 Bd4 22. Rc2 Bh5 23. Bd6 Rd8 24. Bc7 Re8 25. Rc4 1-0

[Event "ICC tourney 1897 (3 2)"]
[Site "Internet Chess Club"]
[Date "2020.07.03"]
[Round "7"]
[White "mangolamb"]
[Black "python0812"]
[Result "1-0"]
[WhiteElo "1758"]
[BlackElo "1372"]
[PlyCount "89"]
[EventDate "2020.??.??"]

1. e4 c5 2. Nf3 d6 3. d4 cxd4 4. Nxd4 Nf6 5. Nc3 g6 6. Be2 Bg7 7. Be3 a6 8. Qd2
h5 9. O-O-O b5 10. f3 Bb7 11. Kb1 Nbd7 12. h4 Rc8 13. Nb3 Ne5 14. Nd5 Bxd5 15.
exd5 Nc4 16. Bxc4 bxc4 17. Nd4 c3 18. Qd3 Nxd5 19. Nf5 Nxe3 20. Nxg7+ Kf8 21.
Ne6+ fxe6 22. Qxe3 cxb2 23. Qxe6 Qc7 24. Qxg6 Rg8 25. Qh6+ Ke8 26. Qd2 Qb6 27.
Rhe1 Kd7 28. Qe2 Rg7 29. g4 hxg4 30. fxg4 Rc5 31. g5 Re5 32. Qd2 Rxe1 33. Rxe1
Qb5 34. Qe2 Qxe2 35. Rxe2 Rh7 36. Rh2 e5 37. Kxb2 Ke6 38. Kc3 Kf5 39. Kd3 Kg4
40. Ke4 Rxh4 41. Rxh4+ Kxh4 42. g6 Kg4 43. g7 d5+ 44. Kxd5 Kf4 45. g8=Q 1-0

[Event "ICC tourney 1897 (3 2)"]
[Site "Internet Chess Club"]
[Date "2020.07.03"]
[Round "5"]
[White "Taechess"]
[Black "python0812"]
[Result "0-1"]
[WhiteElo "1710"]
[BlackElo "1374"]
[PlyCount "98"]
[EventDate "2020.??.??"]

1. e4 c5 2. Nf3 d6 3. Bb5+ Bd7 4. Bxd7+ Nxd7 5. O-O Ngf6 6. Re1 g6 7. c3 Bg7 8.
d4 Rc8 9. h3 O-O 10. e5 Ne8 11. Bg5 f6 12. exf6 exf6 13. Bh4 Qb6 14. b3 Nc7 15.
dxc5 Qxc5 16. Nd4 Ne5 17. b4 Qc4 18. Qd2 Nc6 19. Nxc6 bxc6 20. Qxd6 Qxh4 21.
Qxc6 f5 22. Na3 Qf6 23. Qxf6 Bxf6 24. Rac1 Nd5 25. Nb5 Nxc3 26. Nd6 Ne2+ 27.
Rxe2 Rxc1+ 28. Kh2 Bg5 29. g3 Rd8 30. Nb5 a6 31. Na3 Rdd1 32. h4 Bf6 33. Nc2
Bc3 34. Ne3 Rd2 35. Rxd2 Bxd2 36. Ng2 Ra1 37. a3 Rxa3 38. b5 axb5 39. h5 b4 40.
g4 fxg4 41. hxg6 hxg6 42. f3 b3 43. f4 b2 44. f5 b1=Q 45. f6 Kf7 46. Ne1 Qxe1
47. Kg2 Rg3+ 48. Kh2 Qf2+ 49. Kh1 Qg2# 0-1

[Event "ICC tourney 1897 (3 2)"]
[Site "Internet Chess Club"]
[Date "2020.07.03"]
[Round "4"]
[White "destroyingeagle"]
[Black "python0812"]
[Result "1-0"]
[WhiteElo "1286"]
[BlackElo "1281"]
[PlyCount "73"]
[EventDate "2020.??.??"]

1. Nf3 c5 2. g3 d6 3. Bg2 Nf6 4. O-O Nc6 5. d3 g6 6. e4 Bg7 7. Nh4 O-O 8. f4 e6
9. Nd2 d5 10. e5 Nd7 11. c3 Nb6 12. Nhf3 d4 13. c4 Ne7 14. Ne4 Qc7 15. g4 Nd7
16. Qe1 Rb8 17. b3 b5 18. Qh4 Nc6 19. Ba3 bxc4 20. bxc4 Qa5 21. Bc1 Nb4 22. Bd2
Qa3 23. Bxb4 Rxb4 24. Rfd1 f5 25. Neg5 h6 26. Nxe6 fxg4 27. Nxf8 Nxf8 28. Ne1
Bf5 29. Bd5+ Kh7 30. Qf2 Rb2 31. Rd2 Rb4 32. Qe2 Qc3 33. Rad1 Ne6 34. Ng2 g5
35. Be4 Bxe4 36. Qxe4+ Kg8 37. f5 1-0

[Event "ICC tourney 1897 (3 2)"]
[Site "Internet Chess Club"]
[Date "2020.07.03"]
[Round "3"]
[White "python0812"]
[Black "Goran21"]
[Result "0-1"]
[WhiteElo "1326"]
[BlackElo "1596"]
[PlyCount "62"]
[EventDate "2020.??.??"]

1. e4 c5 2. Nf3 d6 3. d4 cxd4 4. Nxd4 e5 5. f3 exd4 6. Qxd4 Nc6 7. Qa4 Nf6 8.
Bb5 Bd7 9. Bg5 Be7 10. Nc3 a6 11. Bc4 b5 12. Bxf7+ Kxf7 13. Qb3+ Be6 14. Nd5
Nd4 15. Qd3 Bxd5 16. exd5 h6 17. Be3 Nxc2+ 18. Qxc2 Re8 19. O-O Rc8 20. Qf5 Bf8
21. Bd4 Re2 22. Rfe1 Rcc2 23. Rxe2 Rxe2 24. Rc1 Qe7 25. Kf1 Rd2 26. Re1 Qd7 27.
Qf4 Rc2 28. Bc3 Qc8 29. Re6 Qc4+ 30. Qxc4 bxc4 31. Re4 Nxe4 0-1

[Event "ICC tourney 1897 (3 2)"]
[Site "Internet Chess Club"]
[Date "2020.07.03"]
[Round "2"]
[White "python0812"]
[Black "londonkid"]
[Result "0-1"]
[WhiteElo "1343"]
[BlackElo "1771"]
[PlyCount "40"]
[EventDate "2020.??.??"]

1. e4 e6 2. d4 d5 3. Nd2 Nf6 4. Bd3 c5 5. c3 Nc6 6. e5 Nd7 7. Ngf3 Qb6 8. O-O
cxd4 9. cxd4 Nxd4 10. Nxd4 Qxd4 11. Nf3 Qb6 12. Be3 Bc5 13. b4 Bxe3 14. fxe3
Qxe3+ 15. Kh1 O-O 16. Qc2 h6 17. Rae1 Qb6 18. Nh4 Qxb4 19. Qf2 Nc5 20. Bh7+
Kxh7 0-1

[Event "ICC tourney 1897 (3 2)"]
[Site "Internet Chess Club"]
[Date "2020.07.03"]
[Round "1"]
[White "fishmaster"]
[Black "python0812"]
[Result "1-0"]
[WhiteElo "2083"]
[BlackElo "1339"]
[PlyCount "121"]
[EventDate "2020.??.??"]

1. Nf3 c5 2. c4 e6 3. g3 d5 4. cxd5 exd5 5. d4 Nc6 6. Bg2 Nf6 7. O-O Qb6 8. Nc3
cxd4 9. Na4 Qb4 10. Bd2 Qb5 11. Bf4 Bc5 12. Nxc5 Qxc5 13. Rc1 Qb6 14. Ne1 Be6
15. Nd3 O-O 16. Nc5 Rac8 17. Nxe6 fxe6 18. Bh3 Rfe8 19. b3 Rcd8 20. Bg5 Kf7 21.
Qd2 Rg8 22. Qf4 Rd7 23. Rfd1 Re7 24. Re1 e5 25. Qh4 Nd8 26. e3 h6 27. Bxf6 Qxf6
28. Qxf6+ Kxf6 29. exd4 exd4 30. Rxe7 Kxe7 31. Rc7+ Kd6 32. Rd7+ Kc6 33. Kf1
Re8 34. Rxg7 d3 35. Bg4 d2 36. Kg2 Re1 37. Rg6+ Kc5 38. Rg8 Nc6 39. Rg7 d1=Q
40. Bxd1 Rxd1 41. Rxb7 Ra1 42. Rh7 Rxa2 43. Rxh6 d4 44. Rh5+ Kb4 45. Kf3 d3 46.
Ke3 d2 47. Rd5 Kc3 48. Rd3+ Kb4 49. h4 Ne5 50. Rxd2 Ng4+ 51. Ke2 Rxd2+ 52. Kxd2
Kxb3 53. f3 Nh6 54. g4 a5 55. g5 Ng8 56. h5 Kb2 57. h6 a4 58. h7 a3 59. hxg8=Q
a2 60. Qg7+ Kb1 61. Qd4 1-0

[Event "ICC tourney 1897 (3 2)"]
[Site "Internet Chess Club"]
[Date "2020.07.03"]
[Round "11"]
[White "kapish"]
[Black "saiabhi29"]
[Result "1-0"]
[WhiteElo "1721"]
[BlackElo "1260"]
[PlyCount "57"]
[EventDate "2020.??.??"]

1. d4 d5 2. c4 c6 3. cxd5 cxd5 4. Nf3 Nc6 5. Nc3 Nf6 6. Bf4 a6 7. e3 e6 8. Bd3
Bd6 9. Bg3 O-O 10. a3 b5 11. b4 Bb7 12. Rc1 Rc8 13. O-O Qe7 14. Nb1 e5 15. dxe5
Nxe5 16. Nxe5 Bxe5 17. Nd2 Bxg3 18. hxg3 Qe5 19. Nb3 Nd7 20. Qg4 f5 21. Qd4
Qxd4 22. exd4 Nb6 23. Nc5 Rc7 24. Ne6 Rxc1 25. Rxc1 Rc8 26. Nc5 Na4 27. Bxf5
Rc7 28. Re1 g6 29. Bc2 1-0

[Event "ICC tourney 1897 (3 2)"]
[Site "Internet Chess Club"]
[Date "2020.07.03"]
[Round "10"]
[White "GreenTint"]
[Black "kapish"]
[Result "0-1"]
[WhiteElo "1937"]
[BlackElo "1719"]
[PlyCount "94"]
[EventDate "2020.??.??"]

1. d4 e6 2. e4 d5 3. Nc3 Nf6 4. exd5 exd5 5. Nf3 Bd6 6. Bd3 Bg4 7. h3 Bh5 8.
Bg5 c6 9. O-O O-O 10. a4 Nbd7 11. Rb1 a5 12. Re1 Qc7 13. Re3 Rfe8 14. Qd2 Rxe3
15. fxe3 Re8 16. Rf1 Bg6 17. Nh4 Bb4 18. Nxg6 hxg6 19. Qf2 Bd6 20. Bf4 Bxf4 21.
exf4 Qb6 22. b3 Qb4 23. Ne2 Ne4 24. Qh4 Ndf6 25. f5 g5 26. Qe1 Qb6 27. h4 g4
28. h5 Nxh5 29. Qh4 Nhf6 30. Nf4 Qxd4+ 31. Kh1 Qe3 32. Bxe4 Nxe4 33. Ng6 Ng3+
34. Kh2 Nxf1+ 35. Kh1 Ng3+ 36. Kh2 fxg6 37. fxg6 Nf1+ 38. Kh1 Qh6 39. Qxh6 gxh6
40. c4 Ne3 41. cxd5 Nxd5 42. b4 axb4 43. g3 b3 44. g7 b2 45. Kg2 Re2+ 46. Kf1
Rc2 47. Ke1 b1=Q# 0-1

[Event "ICC tourney 1897 (3 2)"]
[Site "Internet Chess Club"]
[Date "2020.07.03"]
[Round "9"]
[White "kapish"]
[Black "hollyelf"]
[Result "0-1"]
[WhiteElo "1693"]
[BlackElo "1665"]
[PlyCount "58"]
[EventDate "2020.??.??"]

1. d4 d5 2. c4 c6 3. cxd5 cxd5 4. Nf3 Nf6 5. Nc3 Nc6 6. Bf4 a6 7. e3 Bg4 8. Rc1
Rc8 9. h3 Bxf3 10. Qxf3 e6 11. Bd3 Bd6 12. Bg5 Be7 13. O-O h6 14. Bf4 Bd6 15.
Na4 Bxf4 16. Qxf4 Qc7 17. Qf3 O-O 18. Nc5 Qe7 19. Qe2 e5 20. Bf5 Rc7 21. dxe5
Qxe5 22. Bb1 d4 23. Rfe1 dxe3 24. Qxe3 Qxe3 25. Rxe3 Nd5 26. Ree1 Nd4 27. Be4
Nf4 28. Kf1 f5 29. Bd3 Rfc8 0-1

[Event "ICC tourney 1897 (3 2)"]
[Site "Internet Chess Club"]
[Date "2020.07.03"]
[Round "8"]
[White "kapish"]
[Black "GHAAngel"]
[Result "0-1"]
[WhiteElo "1712"]
[BlackElo "1664"]
[PlyCount "42"]
[EventDate "2020.??.??"]

1. d4 d5 2. c4 Nf6 3. cxd5 Nxd5 4. e4 Nb6 5. Nc3 e5 6. d5 Bd6 7. Nf3 O-O 8. Bd3
f5 9. Bg5 Qe8 10. Qc2 h6 11. Bd2 Qg6 12. Nh4 Qg4 13. Nxf5 Bxf5 14. exf5 Na6 15.
a3 Nc5 16. O-O Rae8 17. f3 Qd4+ 18. Kh1 Qxd3 19. Qxd3 Nxd3 20. b4 Nc4 21. Rfd1
Nf2+ 0-1

[Event "ICC tourney 1897 (3 2)"]
[Site "Internet Chess Club"]
[Date "2020.07.03"]
[Round "6"]
[White "kapish"]
[Black "Elieman"]
[Result "0-1"]
[WhiteElo "1744"]
[BlackElo "1786"]
[PlyCount "50"]
[EventDate "2020.??.??"]

1. d4 d5 2. c4 e6 3. Nc3 Bb4 4. Qc2 dxc4 5. Nf3 Nf6 6. e4 b5 7. Bg5 h6 8. Bh4
g5 9. Bg3 Bb7 10. e5 Ne4 11. Be2 Nd7 12. O-O Nxg3 13. fxg3 a6 14. Nd2 Nb6 15.
Nf3 Qd7 16. a3 Ba5 17. Rad1 O-O-O 18. Ne4 Bxe4 19. Qxe4 Qd5 20. Qc2 Na4 21. Ne1
Bb6 22. Rxf7 Rhf8 23. Bf3 Bxd4+ 24. Kh1 Rxf7 25. Bxd5 Rf1# 0-1

[Event "ICC tourney 1897 (3 2)"]
[Site "Internet Chess Club"]
[Date "2020.07.03"]
[Round "4"]
[White "kapish"]
[Black "chesspro565"]
[Result "0-1"]
[WhiteElo "1750"]
[BlackElo "1527"]
[PlyCount "60"]
[EventDate "2020.??.??"]

1. d4 Nf6 2. c4 g6 3. Nc3 Bg7 4. e4 d6 5. Be2 O-O 6. Nf3 e5 7. O-O Nc6 8. d5
Ne7 9. Nd2 Nd7 10. b4 f5 11. f3 f4 12. a4 g5 13. c5 Ng6 14. Nc4 Nf6 15. Ba3 Rf7
16. cxd6 cxd6 17. b5 Bf8 18. a5 h5 19. a6 b6 20. Na2 g4 21. Nb4 g3 22. Nc6
gxh2+ 23. Kh1 Qd7 24. Bb4 Ne8 25. Rc1 Rg7 26. Qb3 Kh8 27. Be1 h4 28. Kxh2 h3
29. Rh1 Nh4 30. Bxh4 Rxg2# 0-1

[Event "ICC tourney 1897 (3 2)"]
[Site "Internet Chess Club"]
[Date "2020.07.03"]
[Round "3"]
[White "Aleksandrov73"]
[Black "kapish"]
[Result "1-0"]
[WhiteElo "1799"]
[BlackElo "1757"]
[PlyCount "41"]
[EventDate "2020.??.??"]

1. d4 e6 2. c4 Nf6 3. Nc3 Bb4 4. e3 O-O 5. Bd3 c5 6. Nf3 d5 7. O-O Nc6 8. cxd5
exd5 9. dxc5 Bxc5 10. b3 Bg4 11. Bb2 a6 12. Be2 Qd7 13. Na4 Ba7 14. Bxf6 gxf6
15. Rc1 Qd6 16. Nh4 Be6 17. Bd3 d4 18. Qh5 f5 19. Qg5+ Kh8 20. Qf6+ Kg8 21.
Nxf5 1-0